Sustainable procurement (Record no. 79123)

MARC details
000 -LEADER
fixed length control field 01146cab a22001815a 4500
001 - CONTROL NUMBER
control field L139886
008 - FIXED-LENGTH DATA ELEMENTS--GENERAL INFORMATION
fixed length control field 070816e20050710xxk F 000 0 eng d
035 ## - SYSTEM CONTROL NUMBER
System control number (Sirsi) u139886
041 0# - LANGUAGE CODE
Language code of text/sound track or separate title eng
100 1# - MAIN ENTRY--PERSONAL NAME
Personal name Teal, Joanne
245 00 - TITLE STATEMENT
Title Sustainable procurement
Remainder of title spending it wisely?
260 ## - PUBLICATION, DISTRIBUTION, ETC.
Date of publication, distribution, etc. 2005
490 #0 - SERIES STATEMENT
Series statement Scots Law Times
Volume/sequential designation (30), 7 October 2005, 167-71(5)
520 ## - SUMMARY, ETC.
Summary, etc. Considers the potential impact of sustainable procurement by placing it in a wider context: the dynamic relationship between the public and private sectors as regards their respective powers and responsibilities. Draws parallels between sustainable procurement and the UK?s experience of the Human Rights Act 1998 as regards service delivery by the private sector. Considers the different options available to the public sector/government, to rebalance their relationship with the private sector. Notes current government initiatives. Explores the challenges of rolling out sustainable procurement from central government to the wider public sector and business.
651 #4 - SUBJECT ADDED ENTRY--GEOGRAPHIC NAME
Geographic name United Kingdom
Chronological subdivision
690 ## - LOCAL SUBJECT ADDED ENTRY--TOPICAL TERM (OCLC, RLIN)
Topical term or geographic name as entry element MANAGEMENT-BUSINESS MANAGEMENT-PROCUREMENT
942 ## - ADDED ENTRY ELEMENTS (KOHA)
Suppress in OPAC 0
Holdings
Withdrawn status Lost status Source of classification or shelving scheme Damaged status Not for loan Home library Current library Shelving location Date acquired Total Checkouts Full call number Barcode Date last seen Copy number Price effective from Koha item type
    Dewey Decimal Classification     London London Journal article 21/08/2007   L139886 139886-1001 06/08/2019 1 06/08/2019 Journal article